<?xml version="1.0" encoding="UTF-8"?>
<collection xmlns="http://www.loc.gov/MARC21/slim">
 <record>
  <leader>02895nam a2200397 a 4500</leader>
  <controlfield tag="001">eep9781781000588</controlfield>
  <controlfield tag="003">DLC</controlfield>
  <controlfield tag="005">20120626195521.0</controlfield>
  <controlfield tag="006">m     o  d        </controlfield>
  <controlfield tag="007">cr un|||||||||</controlfield>
  <controlfield tag="008">090911s2010    enka    ob    001 0 eng d</controlfield>
  <datafield tag="010" ind1=" " ind2=" ">
   <subfield code="a">  2009936745</subfield>
  </datafield>
  <datafield tag="020" ind1=" " ind2=" ">
   <subfield code="a">9781781000588 (e-book)</subfield>
  </datafield>
  <datafield tag="040" ind1=" " ind2=" ">
   <subfield code="a">UKM</subfield>
   <subfield code="c">UKM</subfield>
   <subfield code="d">BWK</subfield>
   <subfield code="d">GBVCP</subfield>
   <subfield code="d">C#P</subfield>
   <subfield code="d">YDXCP</subfield>
   <subfield code="d">NLE</subfield>
   <subfield code="d">CDX</subfield>
   <subfield code="d">GEBAY</subfield>
   <subfield code="d">IOJ</subfield>
   <subfield code="d">UWO</subfield>
   <subfield code="d">VRC</subfield>
   <subfield code="d">NLGGC</subfield>
   <subfield code="d">DEBBG</subfield>
   <subfield code="d">UKMGB</subfield>
   <subfield code="d">DLC</subfield>
  </datafield>
  <datafield tag="043" ind1=" " ind2=" ">
   <subfield code="a">e-sw---</subfield>
  </datafield>
  <datafield tag="050" ind1=" " ind2="4">
   <subfield code="a">HB615</subfield>
   <subfield code="b">.E582 2010</subfield>
  </datafield>
  <datafield tag="082" ind1="0" ind2="4">
   <subfield code="a">338.04</subfield>
   <subfield code="2">22</subfield>
  </datafield>
  <datafield tag="245" ind1="0" ind2="0">
   <subfield code="a">Entrepreneurship and the creation of small firms</subfield>
   <subfield code="h">[electronic resource] :</subfield>
   <subfield code="b">empirical studies of new ventures /</subfield>
   <subfield code="c">edited by Carin Holmquist, Johan Wiklund.</subfield>
  </datafield>
  <datafield tag="260" ind1=" " ind2=" ">
   <subfield code="a">Cheltenham ;</subfield>
   <subfield code="a">Northampton, Mass. :</subfield>
   <subfield code="b">Edward Elgar,</subfield>
   <subfield code="c">c2010.</subfield>
  </datafield>
  <datafield tag="300" ind1=" " ind2=" ">
   <subfield code="a">1 online resource (xi, 214 p.) :</subfield>
   <subfield code="b">ill.</subfield>
  </datafield>
  <datafield tag="504" ind1=" " ind2=" ">
   <subfield code="a">Includes bibliographical references and index.</subfield>
  </datafield>
  <datafield tag="505" ind1="0" ind2="0">
   <subfield code="g">Introduction /</subfield>
   <subfield code="r">Carin Holmquist, Johan Wiklund --</subfield>
   <subfield code="t">New start up firms among Swedish patent holders /</subfield>
   <subfield code="r">Roger Svensson --</subfield>
   <subfield code="t">Entrepreneurial human capital : a real options perspective /</subfield>
   <subfield code="r">Karl Wennberg --</subfield>
   <subfield code="t">New ventures' entry strategies : a comparison of academic and non academic business startups /</subfield>
   <subfield code="r">Sari Roininen, Håkan Ylinenpää --</subfield>
   <subfield code="t">How human capital affects self employment among the science and technology labor force /</subfield>
   <subfield code="r">Johan Wiklund, Frédéric Delmar, Karin Hellerstedt --</subfield>
   <subfield code="t">Framing of new business concepts in established corporations : an explanatory investigation /</subfield>
   <subfield code="r">Christian Czernich, Ivo Zander --</subfield>
   <subfield code="t">Refueling or running dry : entrepreneurs' energetic resources and the start up process /</subfield>
   <subfield code="r">Anders Landberg --</subfield>
   <subfield code="t">International entrepreneurship and the theory of effectuation /</subfield>
   <subfield code="r">Svante Andersson --</subfield>
   <subfield code="t">Learning from Swedish entrepreneurship research /</subfield>
   <subfield code="r">Carin Holmquist, Johan Wiklund.</subfield>
  </datafield>
  <datafield tag="520" ind1=" " ind2=" ">
   <subfield code="a">This timely study focuses on the important issue of new venture creation. Using a variety of data sources, methods and theories, the authors demonstrate the factors that aid or hinder new venture creation in a number of settings. The empirical context for this research is Sweden- a small open economy with a renowned quality of data that allows important research questions to be addressed in unique ways. This book presents extensive and high quality work, and considers issues that are of great importance to scholars and policy makers alike.</subfield>
  </datafield>
  <datafield tag="650" ind1=" " ind2="0">
   <subfield code="a">Entrepreneurship.</subfield>
  </datafield>
  <datafield tag="650" ind1=" " ind2="0">
   <subfield code="a">New business enterprises.</subfield>
  </datafield>
  <datafield tag="650" ind1=" " ind2="0">
   <subfield code="a">Small business.</subfield>
  </datafield>
  <datafield tag="650" ind1=" " ind2="0">
   <subfield code="a">Entrepreneurship</subfield>
   <subfield code="z">Sweden.</subfield>
  </datafield>
  <datafield tag="650" ind1=" " ind2="0">
   <subfield code="a">New business enterprises</subfield>
   <subfield code="z">Sweden.</subfield>
  </datafield>
  <datafield tag="650" ind1=" " ind2="0">
   <subfield code="a">Small business</subfield>
   <subfield code="z">Sweden.</subfield>
  </datafield>
  <datafield tag="655" ind1=" " ind2="7">
   <subfield code="a">Electronic books.</subfield>
   <subfield code="2">lcsh</subfield>
  </datafield>
  <datafield tag="700" ind1="1" ind2=" ">
   <subfield code="a">Holmquist, Carin,</subfield>
   <subfield code="d">1948-</subfield>
  </datafield>
  <datafield tag="700" ind1="1" ind2=" ">
   <subfield code="a">Wiklund, Johan.</subfield>
  </datafield>
  <datafield tag="710" ind1="2" ind2=" ">
   <subfield code="a">Edward Elgar Publishing.</subfield>
  </datafield>
  <datafield tag="776" ind1="1" ind2=" ">
   <subfield code="z">1848440413 (hbk.)</subfield>
   <subfield code="z">9781848440418 (hardback)</subfield>
  </datafield>
  <datafield tag="856" ind1="4" ind2="0">
   <subfield code="u">https://www.elgaronline.com/view/9781848440418.xml</subfield>
  </datafield>
  <datafield tag="911" ind1=" " ind2=" ">
   <subfield code="a">2010_and_before_Business</subfield>
   <subfield code="b">2010_and_before</subfield>
   <subfield code="c">Business</subfield>
  </datafield>
 </record>
</collection>
